000 nam a22 7a 4500
999 _c9813
_d9813
008 171120b xxu||||| |||| 00| 0 eng d
020 _a0316734241
100 _aDanko, Dan & Tom Mason
245 _aAttack of the Mole Master